60/70s UK bands & city 2 - Statistics

General Stats
  • This quiz has been taken 17 times
  • The average score is 6 of 13
Answer Stats
Hint Explanation Answer % Correct
the Kinks London
75%
The Bee Gees The Gibb brothers were born on Isle of man, but igrew up in Manchester where the brothers started to play together in the mid 50's. The family moved to Queensland (Redcliffe) Australia in 1958 where they started to use the name Bee Gees. They signed a record contract there but returned to the UK in 1967 where they signed a new contract. Manchester/Queensland, Aus.
67%
Traffic Birmingham
50%
Jethro Tull Most of the original members lived in Blackpool where they met and started to play together in 1963, using different names. In 1967 they moved to Luton where they signed a contract and their debut album as Jethro Tull was releases in 1968. Blackpool/Luton
50%
Manfred Mann London
50%
Pretty Things London
50%
Dexys Midnight Runners Birmingham
42%
the Searchers Liverpool
42%
Motörhead London
42%
Roxy Music London
33%
John Mayall & the Bluesbreakers London
33%
Deep Purple Hertford
25%
The Real Thing Liverpool
17%
No matching quizzes found
Score Distribution
Percent of People with Each Score
Percentile by Number Answered
Your Score History
You have not taken this quiz